| 000 | 01189nam a2200229Ia 4500 | ||
|---|---|---|---|
| 001 | A870-35481 | ||
| 003 | IT-CnALBA | ||
| 008 | 170116s9999||||xx |||||||||||||| ||und|| | ||
| 040 |
_aIT-CnALBA _cIT-CnALBA |
||
| 041 | _aLATINO | ||
| 100 | _aVALERIO MASSIMO, POETA | ||
| 245 | 0 | _aDICTORUM FACTORUMQUE MEMORABILIUM LIBRI X. | |
| 250 | _a1a ed. | ||
| 260 |
_a TO _bHAEREDES TARINI JO. DOM. (APUD) _c1629 [1° Ed.:1629] |
||
| 300 | _a607 p. | ||
| 500 | _aRACCOLTA DI SCRITTI MORALI. TEMI VARI. DE RELIGIONE. RELIGIONE. DE MIRACULIS. EVENTI STRAORDINARI. DE RITU MATRIMONIORUM, RITI DEL MATRIMONIO. DE IURE TRIUMPHI, DIRITTO DI TRIONFO. DE FELICITATE, LA FELICITÀ. DE CUPIDITATE GLORIAE, DESIDERIO DELLA GLORIA. | ||
| 501 | _aSocietà San Paolo EM - Piazza San Paolo, 14 - 12051 ALBA (CN) (non commercial uses only) ® Copyright 2017 | ||
| 520 | _aRACCOLTA DI SCRITTI MORALI. TEMI VARI. DE RELIGIONE. RELIGIONE. DE MIRACULIS. EVENTI STRAORDINARI. DE RITU MATRIMONIORUM, RITI DEL MATRIMONIO. DE IURE TRIUMPHI, DIRITTO DI TRIONFO. DE FELICITATE, LA FELICITÀ. DE CUPIDITATE GLORIAE, DESIDERIO DELLA GLORIA. | ||
| 650 | _aLETTERATURA LATINA | ||
| 942 | _cBK | ||
| 957 | _71 | ||
| 999 |
_a40245 _bSI _g Copie: 1 _c294308 _d294308 |
||